[Event "LTU-chT"]
[Site "Lithuania"]
[Date "2019.03.31"]
[Round "5.2"]
[White "Bieliauskas, Marius"]
[Black "Vaitkevicius, Paulius"]
[Result "1-0"]
[WhiteElo "2183"]
[BlackElo "1967"]
[PlyCount "61"]
[EventDate "2019.01.26"]
[EventType "team-swiss"]
[EventRounds "7"]
[EventCountry "LTU"]
[SourceTitle "CBM 189 Extra"]
[Source "ChessBase"]
[SourceDate "2019.05.31"]
[SourceVersion "1"]
[SourceVersionDate "2019.05.31"]
[SourceQuality "1"]
[WhiteTeam "Kaunas Margiris"]
[BlackTeam "Vilnius Tauras"]
[WhiteTeamCountry "LTU"]
[BlackTeamCountry "LTU"]

1. d4 d5 2. Nf3 Nf6 3. c4 e6 4. Nc3 Be7 5. Bg5 0-0 6. e3 c6 7. Qc2 h6 8. Bh4 Nbd7 9. cxd5 exd5 10. Bd3 Nh5 11. Bxe7 Qxe7 12. 0-0 Nhf6 13. Rab1 Rd8 14. b4 a6 15. a4 a5 16. b5 c5 17. Rfe1 Nb6 18. Ne5 Be6 19. f4 Rac8 20. Bf1 cxd4 21. exd4 Ne4 22. Re3 Rc7 23. Qb2 Rxc3 24. Rxc3 Nxa4 25. Qa3 Qf6 26. Rc2 Qxf4 27. Qxa4 Qe3+ 28. Kh1 Rc8 29. Rxc8+ Bxc8 30. Nd3 Nd2 31. Re1 1-0

[Event "LTU-ch sf"]
[Site "Vilnius"]
[Date "2016.03.10"]
[Round "7"]
[White "Valantiejus, Vaidotas"]
[Black "Vaitkevicius, Paulius"]
[Result "1-0"]
[WhiteElo "2120"]
[BlackElo "1932"]
[PlyCount "65"]
[EventDate "2016.03.06"]
[EventType "swiss"]
[EventRounds "8"]
[EventCountry "LTU"]
[SourceTitle "CBM 171 Extra"]
[Source "ChessBase"]
[SourceDate "2016.04.26"]
[SourceVersion "1"]
[SourceVersionDate "2016.04.26"]
[SourceQuality "1"]

1. e4 b6 2. c4 c5 3. g3 Bb7 4. Bg2 g6 5. Ne2 Bg7 6. 0-0 e6 7. d4 cxd4 8. Nxd4 Ne7 9. Nb5 0-0 10. Nd6 Bc6 11. Nc3 Nc8 12. Bf4 g5 13. Be3 Qe7 14. c5 Na6 15. Nd5 Bxd5 16. exd5 Nxc5 17. Nb5 Rb8 18. d6 Qf6 19. Bd4 e5 20. Bc3 a6 21. Nc7 Qxd6 22. Nd5 Ne7 23. f4 gxf4 24. gxf4 Nxd5 25. Bxd5 Kh8 26. Kh1 f5 27. Rg1 Bf6 28. Rg5 e4 29. Qd4 Bxd4 30. Bxd4+ Rf6 31. Rag1 h6 32. Rg6 e3 33. Rxh6# 1-0

[Event "EU-ch U14 25th"]
[Site "Porec"]
[Date "2015.09.24"]
[Round "4"]
[White "Bugar, Peter"]
[Black "Vaitkevicius, Paulius"]
[Result "0-1"]
[WhiteElo "1602"]
[BlackElo "1989"]
[PlyCount "170"]
[EventDate "2015.09.21"]
[EventType "swiss"]
[EventRounds "9"]
[EventCountry "CRO"]
[SourceTitle "EXT 2016"]
[Source "ChessBase"]
[SourceDate "2015.10.08"]
[SourceVersion "1"]
[SourceVersionDate "2015.10.08"]
[SourceQuality "1"]

1. Nf3 d5 2. d4 Nf6 3. c4 e6 4. Nc3 c6 5. Bg5 Nbd7 6. e3 Qa5 7. Nd2 Ne4 8. Ndxe4 dxe4 9. Bf4 Bb4 10. Qd2 0-0 11. a3 e5 12. dxe5 Bxc3 13. Qxc3 Qxc3+ 14. bxc3 Re8 15. Rd1 Nb6 16. Rd4 c5 17. Rd5 Be6 18. Rxc5 Na4 19. Rc7 Red8 20. Bg5 Rdc8 21. Rxb7 Bxc4 22. Bxc4 Rxc4 23. 0-0 h6 24. Be7 Nxc3 25. g4 a6 26. Rb4 Rac8 27. Kg2 Nd5 28. Rxc4 Rxc4 29. Bd6 Rc2 30. Kg3 Nc3 31. Bb4 g5 32. Ra1 Ne2+ 33. Kg2 Nc1 34. Bd6 a5 35. Rb1 Nd3 36. Rf1 a4 37. Kg3 Re2 38. h3 Kg7 39. Kg2 Kg6 40. Kg3 h5 41. gxh5+ Kxh5 42. Bc7 Kg6 43. Bb8 Kf5 44. Bc7 Ne1 45. Bb8 Nd3 46. Bc7 Re1 47. Rxe1 Nxe1 48. Bd6 Nf3 49. Kg2 Nd2 50. Bb4 Nc4 51. Kf1 Nxe5 52. Ke2 Nf3 53. Kf1 Ke6 54. Kg2 f5 55. Kf1 Kd5 56. Kg2 Ke6 57. Kf1 Kf6 58. Kg2 Kg6 59. Bc3 Kh5 60. Bb4 Ne5 61. Bd6 Nc4 62. Bb4 Kh4 63. Kh2 Ne5 64. Kg2 Nf3 65. Bd6 Kh5 66. Kh1 g4 67. hxg4+ Kxg4 68. Kg2 Nh4+ 69. Kf1 Kf3 70. Bf4 Ng6 71. Bg3 Ne7 72. Bd6 Nd5 73. Bf8 Nb6 74. Be7 Nc4 75. Bb4 Ne5 76. Bc3 Nd3 77. Be1 Ne5 78. Bc3 Ng4 79. Be1 Nh2+ 80. Kg1 Ke2 81. Bb4 Ng4 82. Kg2 Nxf2 83. Bc5 Nd3 84. Bd6 Kxe3 85. Kf1 Kf3 0-1

[Event "EU-ch U14 25th"]
[Site "Porec"]
[Date "2015.09.22"]
[Round "2"]
[White "Decruyenaere, Robbert"]
[Black "Vaitkevicius, Paulius"]
[Result "1-0"]
[WhiteElo "1736"]
[BlackElo "1989"]
[PlyCount "137"]
[EventDate "2015.09.21"]
[EventType "swiss"]
[EventRounds "9"]
[EventCountry "CRO"]
[SourceTitle "EXT 2016"]
[Source "ChessBase"]
[SourceDate "2015.10.08"]
[SourceVersion "1"]
[SourceVersionDate "2015.10.08"]
[SourceQuality "1"]

1. d4 Nf6 2. c4 d5 3. cxd5 Nxd5 4. Nc3 Nb6 5. Nf3 g6 6. Bf4 Bg7 7. e3 0-0 8. Be2 c6 9. 0-0 N8d7 10. Qb3 Nf6 11. Bc4 Nxc4 12. Qxc4 Qb6 13. Qe2 Bg4 14. b3 Qa5 15. Rac1 Nh5 16. Bg3 Nxg3 17. hxg3 Rad8 18. Na4 Qc7 19. Qe1 Bxf3 20. gxf3 Rd5 21. Kg2 Rfd8 22. f4 h5 23. Nc3 R5d7 24. Ne4 Rd5 25. Qe2 Rc8 26. Rc2 b6 27. Rfc1 Qb7 28. f3 Rd7 29. b4 Rdc7 30. Rc4 Qa6 31. Qc2 Bf8 32. d5 c5 33. bxc5 bxc5 34. Ra4 Qb5 35. Rb1 Qd7 36. Qc4 Bg7 37. Ra6 Qf5 38. Rb5 Rd8 39. Rxc5 Rxc5 40. Qxc5 Qxd5 41. Qxd5 Rxd5 42. Rxa7 f5 43. Nf2 e5 44. fxe5 Rxe5 45. e4 Rc5 46. exf5 gxf5 47. Nd3 Rc2+ 48. Kf1 Bd4 49. Rd7 Be3 50. Rd5 f4 51. Rg5+ Kf7 52. Nxf4 Bxf4 53. Rf5+ Kg6 54. Rxf4 Rxa2 55. Re4 Kg5 56. Re5+ Kg6 57. Re2 Ra3 58. Kg2 Kf5 59. Re4 Rd3 60. Ra4 Rd5 61. Kh3 Kg5 62. f4+ Kg6 63. Kh4 Rd1 64. Ra6+ Kf5 65. Ra5+ Ke4 66. Rxh5 Kf3 67. f5 Rh1+ 68. Kg5 Rg1 69. Rh3 1-0

[Event "LTU-ch U14"]
[Site "Panevezys"]
[Date "2015.04.03"]
[Round "8"]
[White "Vaitkevicius, Paulius"]
[Black "Bisigirskas, Paulius"]
[Result "1-0"]
[WhiteElo "1930"]
[BlackElo "1738"]
[PlyCount "79"]
[EventDate "2015.03.30"]
[EventType "swiss"]
[EventRounds "8"]
[EventCountry "LTU"]
[SourceTitle "EXT 2017"]
[Source "ChessBase"]
[SourceDate "2016.10.25"]
[SourceVersion "1"]
[SourceVersionDate "2016.10.25"]
[SourceQuality "1"]

1. e4 c5 2. Nf3 d6 3. d4 cxd4 4. Nxd4 Nf6 5. Nc3 a6 6. f3 e6 7. Be3 Be7 8. Qd2 b5 9. 0-0-0 Bb7 10. g4 Nc6 11. h4 Rc8 12. h5 Ne5 13. g5 Nfd7 14. Qg2 b4 15. Nb1 Nb6 16. Nd2 d5 17. g6 Nec4 18. Nxc4 Nxc4 19. Bxc4 Rxc4 20. gxf7+ Kxf7 21. e5 Bc5 22. f4 Qb6 23. Qf2 Rc8 24. Kb1 Bxd4 25. Bxd4 Qc7 26. Rh2 Qe7 27. Qg3 Kg8 28. Rg2 Rf8 29. Qe3 Rf7 30. Rdg1 Kh8 31. b3 Rc7 32. f5 Rc8 33. h6 gxh6 34. Qxh6 Qc7 35. f6 a5 36. Qh2 Ba6 37. Rg7 Rxg7 38. Rxg7 Qxg7 39. fxg7+ Kxg7 40. Qh4 1-0

[Event "LTU-ch U14"]
[Site "Panevezys"]
[Date "2015.04.02"]
[Round "7"]
[White "Skripkiunas, Benas"]
[Black "Vaitkevicius, Paulius"]
[Result "0-1"]
[WhiteElo "1552"]
[BlackElo "1930"]
[PlyCount "94"]
[EventDate "2015.03.30"]
[EventType "swiss"]
[EventRounds "8"]
[EventCountry "LTU"]
[SourceTitle "EXT 2017"]
[Source "ChessBase"]
[SourceDate "2016.10.25"]
[SourceVersion "1"]
[SourceVersionDate "2016.10.25"]
[SourceQuality "1"]

1. d4 Nf6 2. c4 g6 3. Nc3 d5 4. Nf3 Bg7 5. Bg5 Ne4 6. cxd5 Nxg5 7. Nxg5 e6 8. Nf3 exd5 9. b4 0-0 10. e3 Qd6 11. Qb3 c6 12. Be2 Bf5 13. 0-0 Nd7 14. Rac1 a6 15. Na4 b5 16. Nc5 Nb6 17. a3 Rfb8 18. Rfd1 a5 19. Ra1 Nd7 20. Nxd7 Bxd7 21. Rdc1 Rb7 22. Ne1 axb4 23. axb4 Rba7 24. Nc2 Bf8 25. Rab1 Ra4 26. Rb2 Bf5 27. Bd3 Be6 28. Rcb1 Qc7 29. Qc3 Bd6 30. g3 f5 31. Qb3 Qb6 32. Bf1 R8a6 33. Be2 Kg7 34. Bf1 Qa7 35. Qc3 Bd7 36. Rb3 Qc7 37. Be2 Qd8 38. Qd2 Qe7 39. Qc3 f4 40. Qd2 fxg3 41. hxg3 Ra2 42. Qc3 Qf6 43. R1b2 Rxb2 44. Rxb2 Qg5 45. Kg2 Qf5 46. g4 Qf6 47. f3 Qh4 0-1

[Event "LTU-ch U14"]
[Site "Panevezys"]
[Date "2015.04.01"]
[Round "5"]
[White "Pultinevicius, Paulius"]
[Black "Vaitkevicius, Paulius"]
[Result "1-0"]
[WhiteElo "2182"]
[BlackElo "1930"]
[PlyCount "49"]
[EventDate "2015.03.30"]
[EventType "swiss"]
[EventRounds "8"]
[EventCountry "LTU"]
[SourceTitle "EXT 2017"]
[Source "ChessBase"]
[SourceDate "2016.10.25"]
[SourceVersion "1"]
[SourceVersionDate "2016.10.25"]
[SourceQuality "1"]

1. d4 Nf6 2. Nf3 g6 3. c4 Bg7 4. Nc3 d5 5. Bg5 Ne4 6. cxd5 Nxc3 7. bxc3 Qxd5 8. e3 e6 9. Qb3 0-0 10. Bf4 Qd8 11. Be2 c5 12. 0-0 cxd4 13. cxd4 b6 14. Ne5 Bb7 15. Rfc1 Bxe5 16. Bxe5 Nc6 17. Bf3 Nxe5 18. Bxb7 Rb8 19. Ba6 Ng4 20. h3 Nf6 21. a4 Qd5 22. Qb4 Qd7 23. Bb5 Qb7 24. Bc6 Nd5 25. Qxf8+ 1-0

[Event "LTU-ch U14"]
[Site "Panevezys"]
[Date "2015.03.31"]
[Round "3"]
[White "Vaitkevicius, Paulius"]
[Black "Liandzbergas, Mykolas"]
[Result "1-0"]
[WhiteElo "1930"]
[BlackElo "1322"]
[PlyCount "41"]
[EventDate "2015.03.30"]
[EventType "swiss"]
[EventRounds "8"]
[EventCountry "LTU"]
[SourceTitle "EXT 2017"]
[Source "ChessBase"]
[SourceDate "2016.10.25"]
[SourceVersion "1"]
[SourceVersionDate "2016.10.25"]
[SourceQuality "1"]

1. e4 e5 2. Nf3 Nf6 3. Nxe5 d6 4. Nf3 Nxe4 5. Nc3 Nxc3 6. dxc3 h6 7. Be3 Be6 8. Qd2 Nc6 9. Bd3 Be7 10. 0-0 a6 11. Rfe1 Qd7 12. a4 0-0-0 13. b4 g5 14. b5 Ne5 15. Nd4 Nxd3 16. bxa6 bxa6 17. Qxd3 Bd5 18. Reb1 Bb7 19. Rxb7 Kxb7 20. Rb1+ Kc8 21. Qxa6# 1-0

[Event "LTU-chT"]
[Site "Lithuania"]
[Date "2015.03.29"]
[Round "7.3"]
[White "Vaitkevicius, Paulius"]
[Black "Setkauskas, Vaidas"]
[Result "1/2-1/2"]
[WhiteElo "1930"]
[BlackElo "2261"]
[PlyCount "231"]
[EventDate "2015.01.24"]
[EventType "team-tourn"]
[EventRounds "7"]
[EventCountry "LTU"]
[SourceTitle "EXT 2016"]
[Source "ChessBase"]
[SourceDate "2015.10.08"]
[SourceVersion "1"]
[SourceVersionDate "2015.10.08"]
[SourceQuality "1"]
[WhiteTeam "Vilnius Fortas"]
[BlackTeam "Vilnius MRU"]
[WhiteTeamCountry "LTU"]
[BlackTeamCountry "LTU"]

1. e4 c5 2. Nf3 g6 3. d4 cxd4 4. Qxd4 Nf6 5. Nc3 Nc6 6. Qd1 Bg7 7. Bc4 0-0 8. 0-0 d6 9. h3 Bd7 10. Re1 Rc8 11. Bb3 Nh5 12. Nd5 Be6 13. c3 Re8 14. Be3 h6 15. Qd2 Kh7 16. Rad1 Qd7 17. Nd4 Bxd5 18. Bxd5 Rf8 19. Nf3 Nf6 20. Qd3 Qc7 21. Bb3 Nd7 22. Qd5 a6 23. Bf4 b5 24. a3 Na5 25. Ba2 Nc4 26. Bxc4 Nb6 27. Qd2 Nxc4 28. Qe2 Rfd8 29. Rd5 Nb6 30. Rd3 Qc4 31. Red1 Na4 32. Bg3 Nc5 33. Re3 Nd7 34. Qxc4 bxc4 35. e5 dxe5 36. Nxe5 Bxe5 37. Bxe5 f6 38. Bg3 e5 39. f4 Nc5 40. Rxd8 Rxd8 41. fxe5 f5 42. Re2 Ne4 43. Bf2 Rd3 44. Kh2 Kg7 45. g4 Kf7 46. Be3 Ke6 47. gxf5+ gxf5 48. Bxh6 Kxe5 49. Bg7+ Kf4 50. Rg2 Kf3 51. h4 f4 52. Bd4 Ng3 53. Kh3 Nf5 54. h5 Nxd4 55. cxd4 Rxd4 56. Rg6 a5 57. h6 Rd1 58. Kh4 Rh1+ 59. Kg5 Ke4 60. Re6+ Kd3 61. Kxf4 Kc2 62. Rb6 Rh2 63. Kg5 Rg2+ 64. Kf6 Rh2 65. Kg7 Rg2+ 66. Kh8 Rh2 67. h7 Rg2 68. Rb7 Kc1 69. Rb5 Kc2 70. a4 Kc1 71. Rxa5 Kxb2 72. Rb5+ Kc3 73. a5 Kd3 74. a6 c3 75. Rd5+ Ke3 76. Rc5 Kd3 77. Ra5 c2 78. Ra1 Rg6 79. a7 Ra6 80. Rxa6 c1Q 81. a8Q Qc3+ 82. Kg8 Qc4+ 83. Kg7 Qc7+ 84. Kf6 Qf4+ 85. Ke7 Qh4+ 86. Kd6 Qf6+ 87. Kc7 Qg7+ 88. Kb6 Qd4+ 89. Kb7 Qg7+ 90. Kb8 Qh8+ 91. Ka7 Qd4+ 92. Kb7 Qd7+ 93. Kb6 Qd4+ 94. Kc6 Qf6+ 95. Kc5 Qd4+ 96. Kc6 Qf6+ 97. Kb5 Qe5+ 98. Kb6 Qd4+ 99. Kc7 Qg7+ 100. Kb8 Qh8+ 101. Ka7 Qd4+ 102. Rb6 Qa4+ 103. Ra6 Qd4+ 104. Kb7 Qd7+ 105. Kb6 Qd4+ 106. Kc6 Qf6+ 107. Kd5 Qf5+ 108. Kc6 Qf6+ 109. Kc5 Qd4+ 110. Kb5 Qe5+ 111. Kb4 Qc3+ 112. Kb5 Qb2+ 113. Kc5 Qd4+ 114. Kb5 Qb2+ 115. Kc5 Qd4+ 116. Kb5 1/2-1/2

[Event "LTU-chT"]
[Site "Lithuania"]
[Date "2015.02.16"]
[Round "5.2"]
[White "Vaitkevicius, Paulius"]
[Black "Butnorius, Algimantas"]
[Result "1-0"]
[WhiteElo "1930"]
[BlackElo "2377"]
[PlyCount "105"]
[EventDate "2015.01.24"]
[EventType "team-tourn"]
[EventRounds "7"]
[EventCountry "LTU"]
[SourceTitle "EXT 2016"]
[Source "ChessBase"]
[SourceDate "2015.10.08"]
[SourceVersion "1"]
[SourceVersionDate "2015.10.08"]
[SourceQuality "1"]
[WhiteTeam "Vilnius Fortas"]
[BlackTeam "Kaunas Margiris"]
[WhiteTeamCountry "LTU"]
[BlackTeamCountry "LTU"]

1. e4 c5 2. Nf3 e6 3. d4 cxd4 4. Bg5 Qc7 5. Qxd4 Nc6 6. Qc4 a6 7. Nbd2 Nge7 8. Bd3 Ng6 9. 0-0 Bd6 10. Qb3 0-0 11. Nc4 Bc5 12. Be3 Bxe3 13. Nxe3 d6 14. a4 Rb8 15. Rfd1 Rd8 16. Qc3 Qe7 17. Bf1 Bd7 18. Qd2 Be8 19. Ra3 Nce5 20. Nxe5 dxe5 21. Qa5 Rxd1 22. Nxd1 Bc6 23. f3 Rd8 24. Nf2 Rd4 25. Ra1 Qd7 26. b4 Rd2 27. c3 Qd6 28. Qb6 Ne7 29. Qe3 Ng6 30. Bd3 Rb2 31. Rd1 Qf8 32. Qc1 Ra2 33. Bc4 Rxa4 34. Bb3 Nf4 35. Qb2 h6 36. Bxa4 Bxa4 37. Rd2 Bb5 38. g3 Ng6 39. Nd1 Qe7 40. Ne3 Qg5 41. Kf2 h5 42. c4 Be8 43. Qc3 Qe7 44. c5 Bb5 45. Nc4 Qf6 46. Na5 Qe7 47. Rd6 Qc7 48. Qd2 Ne7 49. Rd8+ Kh7 50. Qd6 Qxd6 51. cxd6 Nc6 52. Nxc6 Bxc6 53. Rc8 1-0

[Event "LTU-chT"]
[Site "Lithuania"]
[Date "2015.01.24"]
[Round "1.3"]
[White "Snezko, Marius"]
[Black "Vaitkevicius, Paulius"]
[Result "1/2-1/2"]
[WhiteElo "1802"]
[BlackElo "1930"]
[PlyCount "89"]
[EventDate "2015.01.24"]
[EventType "team-tourn"]
[EventRounds "7"]
[EventCountry "LTU"]
[SourceTitle "CBM 164 Extra"]
[Source "ChessBase"]
[SourceDate "2015.03.02"]
[SourceVersion "1"]
[SourceVersionDate "2015.03.02"]
[SourceQuality "1"]
[WhiteTeam "Vilnius VSF"]
[BlackTeam "Vilnius Fortas"]
[WhiteTeamCountry "LTU"]
[BlackTeamCountry "LTU"]

1. d4 Nf6 2. Nc3 d5 3. Bg5 g6 4. e3 Bg7 5. Bd3 0-0 6. Nf3 c5 7. 0-0 c4 8. Be2 Nc6 9. Ne5 Be6 10. Nxc6 bxc6 11. Bxf6 exf6 12. Na4 Re8 13. b4 Qd6 14. Nc5 f5 15. c3 Bf8 16. Rb1 Qc7 17. Na6 Qb6 18. Nc5 a5 19. a3 axb4 20. axb4 Ra3 21. Ra1 Qa7 22. Rxa3 Qxa3 23. Qa1 Ra8 24. Qxa3 Rxa3 25. Rc1 Bd6 26. f4 Bc8 27. Kf1 Bxc5 28. dxc5 Ba6 29. Bf3 Bb5 30. Bd1 Ra2 31. Bc2 h5 32. h4 Kf8 33. Ke2 Ke7 34. Ke1 Kd7 35. Ke2 Kc8 36. Kd1 Kb7 37. Rb1 Ra3 38. Kd2 Ka6 39. Rb2 Ra1 40. Rb1 Ra3 41. Rb2 Ba4 42. Bxa4 Rxa4 43. Kc2 Ra3 44. Rb1 Ra2+ 45. Rb2 1/2-1/2

[Event "Taujenai Mikenas Memorial 2nd"]
[Site "Taujenai"]
[Date "2014.08.08"]
[Round "6"]
[White "Vaitkevicius, Paulius"]
[Black "Vicas, Marijus"]
[Result "0-1"]
[WhiteElo "1930"]
[BlackElo "2015"]
[PlyCount "82"]
[EventDate "2014.08.03"]
[EventType "swiss"]
[EventRounds "6"]
[EventCountry "LTU"]
[SourceTitle "CBM 161 Extra"]
[Source "ChessBase"]
[SourceDate "2014.08.29"]
[SourceVersion "1"]
[SourceVersionDate "2014.08.29"]
[SourceQuality "1"]

1. e4 d5 2. exd5 Nf6 3. d4 Nxd5 4. c4 Nb6 5. Nc3 e5 6. Nf3 exd4 7. Qxd4 Qxd4 8. Nxd4 Bd7 9. Bf4 c6 10. 0-0-0 Bc5 11. Ne4 Na6 12. Bd6 Bxd4 13. Rxd4 f5 14. Nc3 c5 15. Rd1 Kf7 16. Bd3 Rhe8 17. b3 g6 18. a3 Re6 19. Bf4 Bc6 20. f3 Rae8 21. Nb5 Nc8 22. Kd2 Rd8 23. Rde1 Rd7 24. Kc3 Rxe1 25. Rxe1 Bxb5 26. cxb5 Nc7 27. Bc4+ Nd5+ 28. Bxd5+ Rxd5 29. a4 Nb6 30. Bg5 Rd7 31. Re5 Nd5+ 32. Kc4 Nc7 33. Be3 b6 34. a5 f4 35. Bg1 Rd1 36. axb6 axb6 37. Bxc5 bxc5 38. b6 Rd4+ 39. Kc3 Nd5+ 40. Kc2 Nxb6 41. Rxc5 Nd5 0-1

[Event "Taujenai Mikenas Memorial 2nd"]
[Site "Taujenai"]
[Date "2014.08.06"]
[Round "4"]
[White "Vaitkevicius, Paulius"]
[Black "Kraujunas, Vladas"]
[Result "1-0"]
[WhiteElo "1930"]
[BlackElo "1766"]
[PlyCount "65"]
[EventDate "2014.08.03"]
[EventType "swiss"]
[EventRounds "6"]
[EventCountry "LTU"]
[SourceTitle "CBM 161 Extra"]
[Source "ChessBase"]
[SourceDate "2014.08.29"]
[SourceVersion "1"]
[SourceVersionDate "2014.08.29"]
[SourceQuality "1"]

1. e4 c5 2. Nf3 e6 3. Nc3 Nc6 4. Bc4 a6 5. a4 Nd4 6. d3 Qf6 7. Be3 b6 8. 0-0 Nxf3+ 9. Qxf3 Bb7 10. Qg3 d6 11. Bf4 Qe7 12. Rfe1 Nf6 13. Nd5 Qd8 14. Nxf6+ gxf6 15. c3 h5 16. d4 Rh7 17. Rad1 Qd7 18. dxc5 e5 19. Be3 f5 20. Rxd6 Bxd6 21. Qg8+ Bf8 22. Qxh7 f4 23. c6 Bxc6 24. Bxb6 Bxa4 25. Qxh5 Qe7 26. b3 Bb5 27. Bc5 Qxc5 28. Qxf7+ Kd8 29. Rd1+ Bd6 30. Bxb5 axb5 31. Qg8+ Kc7 32. Qxa8 Qxc3 33. Qa7+ 1-0

[Event "Palanga Baltija op-A"]
[Site "Palanga"]
[Date "2014.06.20"]
[Round "8"]
[White "Jakaityte, Ruta"]
[Black "Vaitkevicius, Paulius"]
[Result "1-0"]
[WhiteElo "1958"]
[BlackElo "1852"]
[PlyCount "63"]
[EventDate "2014.06.16"]
[EventType "swiss"]
[EventRounds "9"]
[EventCountry "LTU"]
[SourceTitle "CBM 161 Extra"]
[Source "ChessBase"]
[SourceDate "2014.08.29"]
[SourceVersion "1"]
[SourceVersionDate "2014.08.29"]
[SourceQuality "1"]

1. e4 c5 2. Nf3 d6 3. d4 cxd4 4. Nxd4 Nf6 5. Nc3 g6 6. Be3 Bg7 7. f3 0-0 8. Qd2 Nc6 9. Bc4 Bd7 10. 0-0-0 Ne5 11. Bb3 Rc8 12. Bh6 Nc4 13. Bxc4 Rxc4 14. Bxg7 Kxg7 15. g4 Qb8 16. h4 b5 17. h5 Ng8 18. Nf5+ Bxf5 19. gxf5 Rfc8 20. hxg6 fxg6 21. Qh2 h6 22. Qg3 g5 23. Rxh6 Nxh6 24. Qxg5+ Kf8 25. Qxh6+ Ke8 26. Qe6 Qb6 27. f6 R4c7 28. f7+ Kf8 29. Nd5 Rxc2+ 30. Kb1 Rxb2+ 31. Kxb2 Qf2+ 32. Ka1 1-0

[Event "Palanga Baltija op-A"]
[Site "Palanga"]
[Date "2014.06.18"]
[Round "4"]
[White "Ceponis, Tadas"]
[Black "Vaitkevicius, Paulius"]
[Result "1/2-1/2"]
[WhiteElo "1991"]
[BlackElo "1852"]
[PlyCount "135"]
[EventDate "2014.06.16"]
[EventType "swiss"]
[EventRounds "9"]
[EventCountry "LTU"]
[SourceTitle "CBM 161 Extra"]
[Source "ChessBase"]
[SourceDate "2014.08.29"]
[SourceVersion "1"]
[SourceVersionDate "2014.08.29"]
[SourceQuality "1"]

1. c4 Nf6 2. Nc3 d5 3. cxd5 Nxd5 4. g3 g6 5. Bg2 Nb6 6. Nf3 Bg7 7. 0-0 0-0 8. d3 Nc6 9. Bg5 Bf5 10. Qd2 Qd7 11. Rfd1 Rfe8 12. Rac1 Rad8 13. Ne1 Nb8 14. Ne4 Bxe4 15. Bxe4 c6 16. Qc2 Qd4 17. Rb1 Na6 18. Be3 Qd6 19. a3 Bd4 20. Bxd4 Qxd4 21. Bg2 Nc7 22. Nf3 Qf6 23. h4 Ne6 24. e3 Rd6 25. d4 Red8 26. b4 Kg7 27. Rdc1 R6d7 28. Qb3 Nc7 29. Ne5 Rd6 30. Nd3 Qe6 31. Nc5 Qxb3 32. Rxb3 Rb8 33. a4 a6 34. Bf1 Nbd5 35. b5 axb5 36. axb5 cxb5 37. Bxb5 Nxb5 38. Rxb5 b6 39. Ne4 Rd7 40. Rc6 Rc7 41. Rxc7 Nxc7 42. Rb3 e6 43. Kf1 h5 44. Nc5 Nd5 45. Ke2 Rc8 46. Na4 Ra8 47. Nb2 Ra6 48. Kd3 Kf8 49. Nc4 Ra2 50. e4 Nf6 51. Nd2 Nd7 52. Ke3 Nf6 53. f3 Nd7 54. Nc4 Rg2 55. Kf4 Rc2 56. Nxb6 Nxb6 57. Rxb6 Rd2 58. Ke3 Rg2 59. Kf4 Rd2 60. Rb4 Ke7 61. Ke5 Rd3 62. Rb7+ Ke8 63. f4 Rxg3 64. Kf6 Rf3 65. Re7+ Kd8 66. Rxf7 Rxf4+ 67. Kxg6 Rxh4 68. d5 1/2-1/2

[Event "Palanga Baltija op-A"]
[Site "Palanga"]
[Date "2014.06.17"]
[Round "2"]
[White "Klabis, Rokas"]
[Black "Vaitkevicius, Paulius"]
[Result "1-0"]
[WhiteElo "2214"]
[BlackElo "1852"]
[PlyCount "65"]
[EventDate "2014.06.16"]
[EventType "swiss"]
[EventRounds "9"]
[EventCountry "LTU"]
[SourceTitle "CBM 161 Extra"]
[Source "ChessBase"]
[SourceDate "2014.08.29"]
[SourceVersion "1"]
[SourceVersionDate "2014.08.29"]
[SourceQuality "1"]

1. e4 c5 2. Nc3 Nc6 3. Bb5 e6 4. Nf3 Nf6 5. 0-0 Be7 6. Re1 0-0 7. e5 Nd5 8. Nxd5 exd5 9. d4 cxd4 10. Nxd4 Qb6 11. Nxc6 dxc6 12. Bd3 Re8 13. c3 Bf8 14. Qc2 g6 15. Be3 Qc7 16. f4 Bg7 17. Qf2 b6 18. a4 c5 19. a5 Bb7 20. b4 Rac8 21. Kh1 Bf8 22. axb6 axb6 23. Rf1 Bg7 24. Rab1 Red8 25. bxc5 bxc5 26. Rb5 d4 27. cxd4 cxd4 28. Bd2 Qc6 29. f5 Kh8 30. Rfb1 Rb8 31. e6 f6 32. fxg6 Re8 33. Bf4 1-0

[Event "Palanga Baltija op-A"]
[Site "Palanga"]
[Date "2014.06.17"]
[Round "3"]
[White "Vaitkevicius, Paulius"]
[Black "Michailov, Andrej"]
[Result "1-0"]
[WhiteElo "1852"]
[BlackElo "1695"]
[PlyCount "67"]
[EventDate "2014.06.16"]
[EventType "swiss"]
[EventRounds "9"]
[EventCountry "LTU"]
[SourceTitle "CBM 161 Extra"]
[Source "ChessBase"]
[SourceDate "2014.08.29"]
[SourceVersion "1"]
[SourceVersionDate "2014.08.29"]
[SourceQuality "1"]

1. e4 e5 2. Nf3 Nc6 3. d4 exd4 4. Bc4 Nf6 5. 0-0 Nxe4 6. Re1 d5 7. Bxd5 Qxd5 8. Nc3 Qd8 9. Nxe4 Be7 10. Bg5 0-0 11. Bxe7 Qxe7 12. Nxd4 Nxd4 13. Qxd4 b6 14. Ng3 Be6 15. Qe5 Rfd8 16. Nh5 Qf8 17. Nf4 Rd6 18. Re3 Qe7 19. Nd5 Qd7 20. Rg3 Bg4 21. Ne3 f6 22. Qe4 Rd8 23. Qxg4 f5 24. Qc4+ Kh8 25. h3 Rd4 26. Qc3 f4 27. Rf3 fxe3 28. Rxe3 c5 29. Rae1 Qf7 30. Re7 Qg6 31. R1e6 Qg5 32. g4 Rxg4+ 33. hxg4 Rd1+ 34. Re1 1-0

[Event "LTU-ch U14"]
[Site "Panevezys"]
[Date "2014.03.26"]
[Round "3"]
[White "Vaskevicius, Augustas"]
[Black "Vaitkevicius, Paulius"]
[Result "0-1"]
[WhiteElo "1571"]
[BlackElo "1849"]
[PlyCount "66"]
[EventDate "2014.03.25"]
[EventType "swiss"]
[EventRounds "9"]
[EventCountry "LTU"]
[SourceTitle "CBM 159 Extra"]
[Source "ChessBase"]
[SourceDate "2014.04.24"]
[SourceVersion "1"]
[SourceVersionDate "2014.04.24"]
[SourceQuality "1"]

1. e4 c5 2. Nf3 d6 3. d4 cxd4 4. Nxd4 Nf6 5. Nc3 g6 6. f4 Nc6 7. Be2 Bg7 8. Be3 0-0 9. 0-0 Bd7 10. Bf3 Qc7 11. Ndb5 Qc8 12. Kh1 a6 13. Nd4 Qc7 14. Qd2 Rac8 15. Nxc6 Bxc6 16. Qf2 b5 17. a3 Qd7 18. Qd2 Rfd8 19. Rad1 Qb7 20. Nd5 e6 21. Nxf6+ Bxf6 22. Qb4 a5 23. Qxa5 Bxe4 24. Qb4 Rc4 25. Qb3 Qc6 26. c3 Rc8 27. Rd2 Bxc3 28. bxc3 Rxc3 29. Bxe4 Qxe4 30. Qxb5 Rxe3 31. Rxd6 Re2 32. Rg1 Rxg2 33. Rxg2 Rc1+ 0-1

[Event "Baltic Amateur op"]
[Site "Vilnius"]
[Date "2014.03.10"]
[Round "3"]
[White "Matulaitis, Vidmantas"]
[Black "Vaitkevicius, Paulius"]
[Result "0-1"]
[WhiteElo "1584"]
[BlackElo "1849"]
[PlyCount "124"]
[EventDate "2014.03.09"]
[EventType "swiss"]
[EventRounds "5"]
[EventCountry "LTU"]
[SourceTitle "CBM 159 Extra"]
[Source "ChessBase"]
[SourceDate "2014.04.24"]
[SourceVersion "1"]
[SourceVersionDate "2014.04.24"]
[SourceQuality "1"]

1. e4 c5 2. f4 Nc6 3. Bb5 Nf6 4. Bxc6 dxc6 5. Qe2 g6 6. Nf3 Bg7 7. d3 0-0 8. Na3 Bg4 9. h3 Bxf3 10. Qxf3 Qd4 11. c3 Qd7 12. Nc4 Rfd8 13. Ne5 Qd6 14. Be3 Ne8 15. 0-0 f6 16. Ng4 Qxd3 17. Rad1 Qc4 18. h4 Nd6 19. Nf2 Nf7 20. h5 Rd6 21. hxg6 hxg6 22. Qg3 Rad8 23. Rxd6 Rxd6 24. Qxg6 b6 25. Qg3 Kf8 26. Qh3 Qe6 27. Qf3 Rd8 28. g4 Ke8 29. f5 Ne5 30. Qe2 Qc4 31. Qc2 Qxa2 32. Kg2 Qc4 33. Rh1 Nd3 34. b3 Qa6 35. Nh3 Qa3 36. Rd1 Qb2 37. Qxb2 Nxb2 38. Rxd8+ Kxd8 39. Nf4 Kd7 40. Ne6 Bh8 41. Kf3 Nd3 42. Ke2 Ne5 43. Bf4 Nxg4 44. Bb8 Kc8 45. Bc7 Ne5 46. Bd8 Kd7 47. Bc7 Nf7 48. Bf4 Ng5 49. Nf8+ Ke8 50. Ng6 Bg7 51. Kd3 Kd7 52. Bb8 a6 53. Ba7 Kc7 54. Nxe7 Nf7 55. Ng8 Kb7 56. Bxb6 Kxb6 57. Ne7 Ne5+ 58. Kc2 Kc7 59. Kb2 Kd7 60. Ng8 Nf7 61. Kc2 Nh6 62. Nxh6 Bxh6 0-1